Statistics for Book quiz - 20th century sci-fi novels

Click here to take the quiz!

General Stats

  • This quiz has been taken 45 times
    (38 since last reset)
  • The average score is 15 of 30

Answer Stats

YearTitleAuthor% Correct
1932Brave New WorldAldous Huxley
97%
1951FoundationIsaac Asimov
94%
1965DuneFrank Herbert
91%
1968Do Androids Dream of Electric Sheep?Philip K. Dick
91%
1953Fahrenheit 451Ray Bradbury
91%
19682001: A Space OdysseyArthur C. Clarke
84%
1986Ender's GameOrson Scott Card
78%
1985The Handmaid's TaleMargaret Atwood
75%
1901The First Men in the MoonH.G. Wells
72%
1984NeuromancerWilliam Gibson
72%
1959Starship TroopersRobert A. Heinlein
69%
1969The Left Hand of DarknessUrsula K. Le Guin
69%
1982Battlefield EarthL. Ron Hubbard
63%
1969The Andromeda StrainMichael Crichton
59%
1970RingworldLarry Niven
50%
1961SolarisStanisław Lem
47%
1956The Stars My DestinationAlfred Bester
44%
1974The Forever WarJoe Haldeman
44%
1966Flowers for AlgernonDaniel Keyes
41%
1951The Day of the TriffidsJohn Wyndham
41%
1954I Am LegendRichard Matheson
38%
1960A Canticle for LeibowitzWalter M. Miller, Jr
38%
1920-21WeYevgeny Zamyatin
31%
1971To My Scattered Bodies GoPhilip José Farmer
22%
1972The Stepford WivesIra Levin
19%
1920A Voyage to ArcturusDavid Lindsay
6%
1993VurtJeff Noon
6%
1930GladiatorPhilip Wylie
3%
1911Ralph 124C 41+Hugo Gernsback
0%
1996ContestMatthew Reilly
0%

Score Distribution

Percentile by Number Answered

Percent of People with Each Score

Your Score History

You have not taken this quiz since the last reset